| 000 | 00519nam a22001937a 4500 | ||
|---|---|---|---|
| 005 | 20260515114908.0 | ||
| 008 | 211110b ||||| |||| 00| 0 eng d | ||
| 040 |
_aIN-DiNC _cIN-DiNC |
||
| 041 | _dasm | ||
| 082 |
_a351 _bDAS |
||
| 100 |
_aDas, Deepan _eauthor |
||
| 245 |
_aPrashasan aru loka neeti: _bawadharana aru tattwasamuh/ _cby Deepan Das |
||
| 250 | _a1st ed. | ||
| 260 |
_aDibrugarh: _bBanalata, _c2021 |
||
| 300 | _a271p. | ||
| 650 | _aPublic administration | ||
| 650 | _aPublic policy | ||
| 942 |
_2ddc _cBK |
||
| 999 |
_c11203 _d11203 |
||